2000 nominations for the Department of Veterans Affairs : hearing before the Committee on Veterans' Affairs, United States Senate, One Hundred Sixth Congress, second session, June 22, 2000.

Bibliographic Details
Corporate Authors: United States. Congress. Senate. Committee on Veterans' Affairs, ProQuest (Firm)
Format: Government Document eBook
Language:English
Published: Washington : U.S. G.P.O. : 2001.
Series:U.S. Congressional Hearings.
Subjects:
Online Access:Connect to the full text of this electronic book

MARC

Tag First Indicator Second Indicator Subfields
LEADER 00000cam a22000001a 4500
001 in00003264607
005 20190404194211.0
006 m d f
007 cr bn mmmapmmp
008 090922s2001 dcua ob f000 0 eng d
035 |a cis2007473383 
040 |a UMI  |c UMI  |d UtOrBLW 
043 |a n-us--- 
074 |a 1046-A-01 
074 |a 1046-B-01 (MF) 
086 0 |a Y 4.V 64/4:S.HRG.106-997 
099 |a HRG-2000-VAS-0001 
110 1 |a United States.  |b Congress.  |b Senate.  |b Committee on Veterans' Affairs. 
245 1 0 |a 2000 nominations for the Department of Veterans Affairs :  |b hearing before the Committee on Veterans' Affairs, United States Senate, One Hundred Sixth Congress, second session, June 22, 2000. 
246 3 |a Two thousand nominations for the Department of Veterans Affairs 
264 1 |a Washington :  |b U.S. G.P.O. :  |c 2001. 
264 2 |a Washington :  |b For sale by the U.S. G.P.O., Supt. of Docs., Congressional Sales Office, 
300 |a 1 online resource. 
336 |a text  |b txt  |2 rdacontent 
337 |a computer  |b c  |2 rdamedia 
338 |a online resource  |b cr  |2 rdacarrier 
490 1 |a S. hrg. ;  |v 106-997 
500 |a Record is based on bibliographic data in ProQuest Congressional Hearings Digital Collection. Reuse except for individual research requires license from ProQuest, LLC. 
504 |a Includes bibliographical references. 
538 |a System requirements: PDF reader software. 
500 |a Electronic resource. 
600 1 0 |a Walker, Mike,  |d 1948- 
600 1 0 |a Garthwaite, Thomas L. 
610 1 0 |a United States.  |b Veterans Health Administration  |x Officials and employees  |x Selection and appointment. 
610 1 0 |a United States.  |b National Cemetery Administration  |x Officials and employees  |x Selection and administration. 
655 7 |a Electronic books.  |2 local 
710 2 |a ProQuest (Firm) 
776 0 8 |i Print version:  |a United States. Congress. Senate. Committee on Veterans' Affairs.  |t 2000 nominations for the Department of Veterans Affairs  |w (DLC)2001344342  |w (OCoLC)ocm47173231 
776 0 8 |i Microfiche version:  |a United States. Congress. Senate. Committee on Veterans' Affairs.  |t 2000 nominations for the Department of Veterans Affairs.  |d [Bethesda, Md.] : ProQuest,[2004]  |o CIS 2001 S761-3  |w (ProQuest)cis00102116 
810 1 |a United States.  |b Congress.  |b Senate.  |t S. hrg. ;  |v 106-997. 
830 0 |a U.S. Congressional Hearings. 
856 4 0 |u http://proxy.library.tamu.edu/login?url=http://congressional.proquest.com/congcomp/getdoc?HEARING-ID=HRG-2000-VAS-0001  |z Connect to the full text of this electronic book  |t 0 
998 |a cis00102116 
999 |a MARS 
999 f f |s f2c00030-6151-3a42-be86-1709e0cceb71  |i eb158df0-9664-3e5a-9b06-16391dddd10d  |t 0 
952 f f |a Texas A&M University  |b College Station  |c Electronic Resources  |d Available Online  |t 0  |e HRG-2000-VAS-0001  |h Other scheme 
998 f f |a HRG-2000-VAS-0001  |t 0  |l Available Online